| 000 | 00814cam a22002773a 4500 | ||
|---|---|---|---|
| 001 | 9402 | ||
| 003 | PGUSA | ||
| 005 | 20140828083211.0 | ||
| 008 | 051201s2005||||xxu|||||s|||||000 | eng d | ||
| 040 |
_aPGUSA _beng |
||
| 042 | _adc | ||
| 050 | 4 | _aBJ | |
| 050 | 4 | _aBV | |
| 100 | 1 |
_aMaxwell, M. H. _q(Mary H.), _d1815-1891 |
|
| 245 | 1 | 0 |
_aBe Courteous, or, Religion, the True Refiner _h[electronic resource] / _cM. H. Maxwell |
| 260 |
_bProject Gutenberg, _c2005 |
||
| 506 | _aPublic domain in the USA. | ||
| 516 | _aElectronic text | ||
| 653 | _aConduct of life -- Religious aspects | ||
| 653 | _aSunday school literature | ||
| 653 | _aMethodist Church -- Juvenile literature | ||
| 653 | _aCharity | ||
| 830 | 0 |
_aProject Gutenberg _v9402 |
|
| 856 | 4 | 0 | _uhttp://www.gutenberg.org/ebooks/9402 |
| 942 | _cEB | ||
| 999 |
_c238658 _d238658 |
||